[Event "Paris-ch op-B 87th"]
[Site "Paris"]
[Date "2012.07.09"]
[Round "3"]
[White "Abbas, Talal"]
[Black "Reubrez, Christophe"]
[Result "0-1"]
[WhiteElo "2006"]
[BlackElo "1815"]
[PlyCount "54"]
[EventDate "2012.07.07"]
[EventType "swiss"]
[EventRounds "9"]
[EventCountry "FRA"]
[SourceTitle "EXT 2013"]
[Source "ChessBase"]
[SourceDate "2012.11.22"]
[SourceVersion "1"]
[SourceVersionDate "2012.11.22"]
[SourceQuality "1"]

1. d4 Nf6 2. c4 d6 3. Bg5 g6 4. Nc3 Bg7 5. e4 0-0 6. f3 c6 7. Qd2 e5 8. Nge2 Be6 9. d5 cxd5 10. cxd5 Bc8 11. g4 Nbd7 12. h4 Qb6 13. h5 Nc5 14. Ng3 Qb4 15. 0-0-0 Bd7 16. hxg6 hxg6 17. Bh6 Rac8 18. Kb1 Na4 19. Bxg7 Nxc3+ 20. Ka1 Nxd1 21. Qxd1 Kxg7 22. Bd3 Rc5 23. g5 Ng8 24. Nf5+ Bxf5 25. exf5 gxf5 26. Qe2 Qf4 27. Qf1 Rfc8 0-1

[Event "Thorigny op 2nd"]
[Site "Thorigny"]
[Date "2006.03.23"]
[Round "1"]
[White "Reubrez, Christophe"]
[Black "Abergel, Thal"]
[Result "0-1"]
[WhiteElo "1888"]
[BlackElo "2426"]
[PlyCount "38"]
[EventDate "2006.03.22"]
[EventType "swiss"]
[EventRounds "7"]
[EventCountry "FRA"]
[SourceTitle "EXT 2007"]
[Source "ChessBase"]
[SourceDate "2006.11.23"]
[SourceVersion "1"]
[SourceVersionDate "2006.11.23"]
[SourceQuality "1"]

1. e4 c5 2. Nf3 Nc6 3. d4 cxd4 4. Nxd4 Nf6 5. Nc3 d6 6. Be2 e5 7. Nb3 Be7 8. Be3 a5 9. a4 0-0 10. 0-0 Nb4 11. f3 Be6 12. Nb5 d5 13. exd5 Nfxd5 14. Bf2 Nf4 15. Nc5 Bxc5 16. Bxc5 Qg5 17. g3 Rfd8 18. Nd6 e4 19. Bxb4 axb4 0-1

[Event "Noisy le Grand op"]
[Site "Noisy le Grand"]
[Date "2003.??.??"]
[Round "3"]
[White "Cochard, Sebastien"]
[Black "Reubrez, Christophe"]
[Result "1-0"]
[WhiteElo "2070"]
[BlackElo "1750"]
[PlyCount "67"]
[EventDate "2003.05.??"]
[EventType "swiss"]
[EventRounds "7"]
[EventCountry "FRA"]
[SourceTitle "EXT 2005"]
[Source "ChessBase"]
[SourceDate "2004.11.15"]
[SourceVersion "1"]
[SourceVersionDate "2004.11.15"]
[SourceQuality "1"]

1. e4 d6 2. d4 Nf6 3. Nc3 g6 4. Nf3 Bg7 5. Bc4 c6 6. a4 0-0 7. Bb3 Qa5 8. 0-0 Qh5 9. h3 c5 10. Be3 cxd4 11. Nxd4 Qxd1 12. Raxd1 Nc6 13. f4 Nxd4 14. Bxd4 Nd7 15. Bxg7 Kxg7 16. Nd5 Nc5 17. Nxe7 Nxe4 18. Bd5 Ng3 19. Rfe1 Nf5 20. c3 Nxe7 21. Rxe7 Rb8 22. Rde1 b5 23. a5 a6 24. Ra7 g5 25. fxg5 Kg6 26. Ree7 Kxg5 27. Rxf7 Rxf7 28. Rxf7 Bf5 29. Ra7 Re8 30. Rxa6 Re5 31. Bf3 Kf4 32. Kf2 d5 33. g3+ Kg5 34. h4# 1-0

[Event "Noisy le Grand op"]
[Site "Noisy le Grand"]
[Date "2003.??.??"]
[Round "7"]
[White "Reubrez, Christophe"]
[Black "Truitard, Jean Francois"]
[Result "1-0"]
[WhiteElo "1750"]
[BlackElo "1600"]
[PlyCount "71"]
[EventDate "2003.05.??"]
[EventType "swiss"]
[EventRounds "7"]
[EventCountry "FRA"]
[SourceTitle "EXT 2005"]
[Source "ChessBase"]
[SourceDate "2004.11.15"]
[SourceVersion "1"]
[SourceVersionDate "2004.11.15"]
[SourceQuality "1"]

1. e4 e6 2. d4 d5 3. e5 c5 4. c3 Nc6 5. Nf3 Qb6 6. a3 cxd4 7. cxd4 Nh6 8. b4 Nf5 9. Be3 Bd7 10. Be2 Be7 11. 0-0 a6 12. Nc3 Qd8 13. Bd3 Nh4 14. Nxh4 Bxh4 15. Qg4 g6 16. Ne2 h5 17. Qf3 Qe7 18. Rac1 b5 19. Rc5 Rb8 20. Rfc1 Rc8 21. g3 Bg5 22. Bxg5 Qxg5 23. a4 h4 24. axb5 axb5 25. Bxb5 hxg3 26. Qxg3 Qxg3+ 27. fxg3 Na7 28. Rxc8+ Nxc8 29. Rxc8+ Ke7 30. Bxd7 Rxc8 31. Bxc8 Kd8 32. Ba6 Kc7 33. Nc3 Kb6 34. b5 g5 35. Kf2 Kc7 36. h4 1-0

[Event "Paris Apsap op 59th"]
[Site "Paris"]
[Date "2002.12.21"]
[Round "1"]
[White "Reubrez, Christophe"]
[Black "Aranovitch, Emiliano"]
[Result "0-1"]
[WhiteElo "1770"]
[BlackElo "2192"]
[PlyCount "56"]
[EventDate "2003.01.07"]
[EventType "swiss"]
[EventRounds "7"]
[EventCountry "FRA"]
[SourceTitle "EXT 2004"]
[Source "ChessBase"]
[SourceDate "2003.11.25"]
[SourceVersion "1"]
[SourceVersionDate "2003.11.25"]
[SourceQuality "1"]

1. e4 c5 2. Nf3 d6 3. Bb5+ Bd7 4. Bxd7+ Nxd7 5. 0-0 Ngf6 6. d3 g6 7. c3 Bg7 8. h3 0-0 9. Re1 Ne5 10. Nxe5 dxe5 11. Bg5 Qd7 12. Bxf6 Bxf6 13. Qc2 Rfd8 14. Qb3 Qxd3 15. Qxb7 Rab8 16. Qxa7 Rxb2 17. Qxc5 Bh4 18. Nd2 Qxd2 19. Rf1 Rxa2 20. Rxa2 Qxa2 21. Qc7 Rd6 22. c4 Qe2 23. c5 Bxf2+ 24. Rxf2 Rd1+ 25. Kh2 Qxf2 26. Qb8+ Kg7 27. Qxe5+ Qf6 28. Qb8 e5 0-1